Matemática 1º medio: guía didáctica del docente
I tiakina i:
| Kaituhi matua: | |
|---|---|
| Hōputu: | Pukapuka |
| Reo: | Ingarihi |
| I whakaputaina: |
Santiago, Chile:
Santillana del Pacífico,
2021.
|
| Ngā marau: | |
| Ngā Tūtohu: |
Tāpirihia he Tūtohu
Kāore He Tūtohu, Me noho koe te mea tuatahi ki te tūtohu i tēnei pūkete!
|
MARC
| LEADER | 00000nam a22000007a 4500 | ||
|---|---|---|---|
| 003 | CL-VaPUC | ||
| 005 | 20240705074039.0 | ||
| 008 | 220816t2021 ||||| |||| 00| 0 eng d | ||
| 999 | |c 438323 |d 438321 | ||
| 020 | |a 9789561530416 | ||
| 040 | |c Pontificia Universidad Católica de Valparaíso | ||
| 082 | 0 | 4 | |a 510.712 ARA 2021 |2 21 |
| 100 | |a Arancibia R., Rafael |e autor |9 875558 | ||
| 245 | 1 | 0 | |a Matemática 1º medio: guía didáctica del docente |
| 260 | |a Santiago, Chile: |b Santillana del Pacífico, |c 2021. | ||
| 300 | |a 2 tomos. | ||
| 583 | |a last modification |c 20170709 17:01:00 |k Cristina María Rojas Aguilar | ||
| 650 | 0 | |a Matemáticas |x Enseñanza |9 875527 | |
| 942 | |c BK |2 ddc | ||
| 952 | |0 0 |1 0 |2 ddc |4 0 |6 510_712000000000000_ARA_2021 |7 0 |8 A |9 586224 |a BIBMAT |b BIBMAT |c E_DIDACT |d 2022-08-16 |h t.1 |i 5654179 |o 510.712 ARA 2021 |p 5654179 |r 2025-01-07 |t 1 |w 2022-08-16 |y BK |k MAT | ||
| 952 | |0 0 |1 0 |2 ddc |4 0 |6 510_712000000000000_ARA_2021 |7 0 |8 A |9 586225 |a BIBMAT |b BIBMAT |c E_DIDACT |d 2022-08-16 |h t.2 |i 5654180 |o 510.712 ARA 2021 |p 5654180 |r 2025-01-07 |t 1 |w 2022-08-16 |y BK |k MAT | ||